000 00566 a2200193 4500
001 130592
020 _a85-02-02181-8
040 _cLeonardo Da Vinci
041 _aPortuguês
082 _a347.01 D612l
_bD612l
100 _aDINIZ, Maria Helena
245 _aLei de locações de imóveis urbanos comentada
_bLei nº 8.245, de 18/10/1991
250 _a5.ed
260 _bSaraiva
_c1999
_aSão Paulo
300 _a525
362 _a19990000
697 _aDireito Civil
_aJurisprudência
_aLeis
_aLegislação
_aInquilinato
_aLocação
_aBrasil
_aFIPEN
942 _cBK
999 _c130592
_d130592